[Event "FIN-chT1A 1819"]
[Site "Finland"]
[Date "2018.12.08"]
[Round "4.1"]
[White "Kinnunen, Kari"]
[Black "Lehtila, Taneli"]
[Result "1/2-1/2"]
[WhiteElo "2139"]
[BlackElo "2173"]
[PlyCount "20"]
[EventDate "2018.09.15"]
[EventType "team-tourn"]
[EventRounds "7"]
[EventCountry "FIN"]
[SourceTitle "EXT 2020"]
[Source "ChessBase"]
[SourceDate "2019.10.17"]
[SourceVersion "1"]
[SourceVersionDate "2019.10.17"]
[SourceQuality "1"]
[WhiteTeam "Vaasa VSS"]
[BlackTeam "Pori PSY"]
[WhiteTeamCountry "FIN"]
[BlackTeamCountry "FIN"]

1. d4 d5 2. c4 c6 3. e3 Nf6 4. Nc3 e6 5. Nf3 Nbd7 6. Bd3 dxc4 7. Bxc4 b5 8. Bd3 Bb7 9. e4 b4 10. Na4 c5 1/2-1/2

[Event "FIN-chT1A 1718"]
[Site "Finland"]
[Date "2017.12.02"]
[Round "4.2"]
[White "Kinnunen, Kari"]
[Black "Pyykkonen, Mika"]
[Result "1/2-1/2"]
[WhiteElo "2138"]
[BlackElo "1988"]
[PlyCount "52"]
[EventDate "2017.09.16"]
[EventType "team-tourn"]
[EventRounds "7"]
[EventCountry "FIN"]
[SourceTitle "EXT 2020"]
[Source "ChessBase"]
[SourceDate "2019.10.17"]
[SourceVersion "1"]
[SourceVersionDate "2019.10.17"]
[SourceQuality "1"]
[WhiteTeam "Vaasa VSS"]
[BlackTeam "Akaa"]
[WhiteTeamCountry "FIN"]
[BlackTeamCountry "FIN"]

1. d4 f5 2. Nf3 Nf6 3. g3 e6 4. Bg2 d5 5. 0-0 Bd6 6. b3 0-0 7. c4 c6 8. Ba3 Ne4 9. Bxd6 Qxd6 10. Qc1 Nd7 11. Qa3 Qc7 12. Rc1 g5 13. Qe7 Rf6 14. Nc3 Qd6 15. Qxd6 Nxd6 16. cxd5 exd5 17. Nxg5 Rg6 18. Nh3 Nf6 19. Nf4 Rg5 20. e3 Bd7 21. Na4 Re8 22. Nc5 Bc8 23. Ncd3 Ng4 24. Bf3 Ne4 25. Bxg4 fxg4 26. Ne5 Bf5 1/2-1/2

[Event "FIN-chT1A 1718"]
[Site "Finland"]
[Date "2017.09.16"]
[Round "1.1"]
[White "Kinnunen, Kari"]
[Black "Olander, Aleksi"]
[Result "1/2-1/2"]
[WhiteElo "2138"]
[BlackElo "2030"]
[PlyCount "43"]
[EventDate "2017.09.16"]
[EventType "team-tourn"]
[EventRounds "7"]
[EventCountry "FIN"]
[SourceTitle "EXT 2020"]
[Source "ChessBase"]
[SourceDate "2019.10.17"]
[SourceVersion "1"]
[SourceVersionDate "2019.10.17"]
[SourceQuality "1"]
[WhiteTeam "Vaasa VSS"]
[BlackTeam "Turku TuTS II"]
[WhiteTeamCountry "FIN"]
[BlackTeamCountry "FIN"]

1. d4 Nf6 2. c4 e6 3. g3 d5 4. Nf3 Be7 5. Bg2 0-0 6. 0-0 dxc4 7. Ne5 Nd5 8. Nxc4 Nc6 9. Nc3 Bf6 10. e4 Nb6 11. Nxb6 axb6 12. d5 Nb4 13. Qb3 Qe7 14. Bf4 Nd3 15. Be3 Qb4 16. Qxb4 Nxb4 17. Bf4 e5 18. Bd2 Bd7 19. a3 Nc2 20. Rac1 Nd4 21. Be3 c5 22. dxc6 1/2-1/2

[Event "FIN-chT1A 1617"]
[Site "Finland"]
[Date "2016.09.17"]
[Round "1.2"]
[White "Kinnunen, Kari"]
[Black "Heinola, Vesa Pekka"]
[Result "1/2-1/2"]
[WhiteElo "2151"]
[BlackElo "2195"]
[PlyCount "35"]
[EventDate "2016.09.17"]
[EventType "team-tourn"]
[EventRounds "7"]
[EventCountry "FIN"]
[SourceTitle "EXT 2019"]
[Source "ChessBase"]
[SourceDate "2018.10.10"]
[SourceVersion "1"]
[SourceVersionDate "2018.10.10"]
[SourceQuality "1"]
[WhiteTeam "Vaasa VSS"]
[BlackTeam "Helsinki HSK"]
[WhiteTeamCountry "FIN"]
[BlackTeamCountry "FIN"]

1. Nf3 Nf6 2. g3 g6 3. b3 Bg7 4. Bb2 0-0 5. Bg2 d5 6. 0-0 c6 7. c4 Bg4 8. d3 Qc8 9. Re1 Bh3 10. Bh1 Qd8 11. Nbd2 a5 12. Qc2 Na6 13. Rac1 h6 14. a3 Rc8 15. cxd5 cxd5 16. Qb1 Qb6 17. Bd4 Qe6 18. Bb2 1/2-1/2

[Event "FIN-chT1A 1516"]
[Site "Finland"]
[Date "2016.02.07"]
[Round "7.2"]
[White "Aberg, Tomi"]
[Black "Kinnunen, Kari"]
[Result "1-0"]
[WhiteElo "2112"]
[BlackElo "2173"]
[PlyCount "65"]
[EventDate "2015.09.12"]
[EventType "team-tourn"]
[EventRounds "8"]
[EventCountry "FIN"]
[SourceTitle "EXT 2017"]
[Source "ChessBase"]
[SourceDate "2016.10.25"]
[SourceVersion "1"]
[SourceVersionDate "2016.10.25"]
[SourceQuality "1"]
[WhiteTeam "Helsinki I-HSK"]
[BlackTeam "Vaasa VSS"]
[WhiteTeamCountry "FIN"]
[BlackTeamCountry "FIN"]

1. e4 c5 2. Nf3 d6 3. d4 cxd4 4. Nxd4 Nf6 5. Nc3 a6 6. Bg5 e6 7. f4 h6 8. Bh4 Be7 9. Qf3 Qc7 10. 0-0-0 Nbd7 11. f5 e5 12. Nb3 b5 13. Bd3 b4 14. Bxf6 Nxf6 15. Nd5 Nxd5 16. exd5 a5 17. h4 Bd7 18. Qg3 Bf6 19. Rhe1 0-0 20. Nd2 Rfc8 21. Ne4 Kf8 22. Nxf6 gxf6 23. Qe3 a4 24. g4 a3 25. Qxh6+ Kg8 26. Qxf6 axb2+ 27. Kd2 Qc3+ 28. Ke2 Bb5 29. Qg5+ Kf8 30. Qh6+ Kg8 31. f6 Qxc2+ 32. Kf3 e4+ 33. Kg3 1-0

[Event "FIN-chT1A 1516"]
[Site "Finland"]
[Date "2015.09.13"]
[Round "2.2"]
[White "Kinnunen, Kari"]
[Black "Natri, Antero"]
[Result "1-0"]
[WhiteElo "2173"]
[BlackElo "2183"]
[PlyCount "125"]
[EventDate "2015.09.12"]
[EventType "team-tourn"]
[EventRounds "8"]
[EventCountry "FIN"]
[SourceTitle "EXT 2017"]
[Source "ChessBase"]
[SourceDate "2016.10.25"]
[SourceVersion "1"]
[SourceVersionDate "2016.10.25"]
[SourceQuality "1"]
[WhiteTeam "Vaasa VSS"]
[BlackTeam "Tampere Tammer II"]
[WhiteTeamCountry "FIN"]
[BlackTeamCountry "FIN"]

1. d4 d6 2. e4 Nf6 3. f3 Nbd7 4. c4 e5 5. d5 Be7 6. Be3 0-0 7. Nc3 a5 8. Nh3 Nc5 9. Nf2 Nfd7 10. Qd2 a4 11. Be2 c6 12. 0-0 h6 13. Rfd1 Qb6 14. Rab1 Kh7 15. Nd3 Bg5 16. Nxc5 Bxe3+ 17. Qxe3 Nxc5 18. dxc6 bxc6 19. Rxd6 Ra5 20. Kh1 Qc7 21. Rd2 Ne6 22. Bd1 Nc5 23. b4 axb3 24. axb3 Ne6 25. b4 Ra3 26. Ra2 Rxa2 27. Nxa2 Nd4 28. b5 cxb5 29. cxb5 Qa7 30. Qd2 Be6 31. Nc3 Rb8 32. Qb2 Qe7 33. Kg1 Qg5 34. Qf2 Bc4 35. f4 Qe7 36. fxe5 Qxe5 37. b6 Bd3 38. Rb2 Qc5 39. Na4 Qe5 40. Rd2 Qxe4 41. Nc5 Qd5 42. Rxd3 Qxc5 43. Qxd4 Qxd4+ 44. Rxd4 Rxb6 45. Rd7 Rf6 46. Bb3 Kg8 47. Rd3 g6 48. Rf3 Rb6 49. Bxf7+ Kg7 50. Bb3 h5 51. h4 Rb4 52. g3 g5 53. hxg5 Kg6 54. Be6 Rb2 55. Rf2 Rb1+ 56. Kg2 Kxg5 57. Ra2 Rb4 58. Ra5+ Kh6 59. Kh3 Re4 60. Bf7 Re1 61. Rxh5+ Kg7 62. Rf5 Rh1+ 63. Kg4 1-0

[Event "FIN-chT1A 1415"]
[Site "Finland"]
[Date "2014.11.15"]
[Round "3.1"]
[White "Kinnunen, Kari"]
[Black "Lauk, Ular"]
[Result "1/2-1/2"]
[WhiteElo "2164"]
[BlackElo "2386"]
[PlyCount "23"]
[EventDate "2014.09.27"]
[EventType "team-tourn"]
[EventRounds "7"]
[EventCountry "FIN"]
[SourceTitle "EXT 2017"]
[Source "ChessBase"]
[SourceDate "2016.10.25"]
[SourceVersion "1"]
[SourceVersionDate "2016.10.25"]
[SourceQuality "1"]
[WhiteTeam "Vaasa VSS"]
[BlackTeam "Loimaa SK"]
[WhiteTeamCountry "FIN"]
[BlackTeamCountry "FIN"]

1. d4 d5 2. Nf3 Nf6 3. c4 c6 4. e3 Bf5 5. Nc3 e6 6. Be2 Nbd7 7. Nh4 Be4 8. f3 Bg6 9. 0-0 Bd6 10. g3 0-0 11. Nxg6 hxg6 12. e4 1/2-1/2

[Event "FIN-chT1 West 1213"]
[Site "Finland"]
[Date "2012.11.18"]
[Round "4.1"]
[White "Sipila, Vilka"]
[Black "Kinnunen, Kari"]
[Result "1-0"]
[WhiteElo "2431"]
[BlackElo "2189"]
[PlyCount "69"]
[EventDate "2012.09.29"]
[EventType "team-tourn"]
[EventRounds "7"]
[EventCountry "FIN"]
[SourceTitle "EXT 2019"]
[Source "ChessBase"]
[SourceDate "2018.10.10"]
[SourceVersion "1"]
[SourceVersionDate "2018.10.10"]
[SourceQuality "1"]
[WhiteTeam "Turku TuTS"]
[BlackTeam "Vaasa VSS"]
[WhiteTeamCountry "FIN"]
[BlackTeamCountry "FIN"]

1. e4 e6 2. d4 d5 3. Nc3 dxe4 4. Nxe4 Nd7 5. Nf3 Ngf6 6. Bd3 c5 7. 0-0 cxd4 8. Nxd4 Be7 9. c3 0-0 10. Re1 Re8 11. a4 a6 12. Nxf6+ Nxf6 13. Bf4 Nd5 14. Bg3 Bd6 15. c4 Nb4 16. Nc6 bxc6 17. Bxd6 Nxd3 18. Qxd3 e5 19. Rad1 f6 20. Qc3 Bg4 21. f3 Bd7 22. a5 Qc8 23. Bc5 Be6 24. Rd6 Qb7 25. Bb6 Rac8 26. b3 Qe7 27. Qb4 Kf7 28. f4 Kg8 29. fxe5 Bf5 30. e6 Qb7 31. Qc5 Bc2 32. Rd7 Qb8 33. Qf2 Bxb3 34. Re3 Bxc4 35. Rg3 1-0

[Event "FIN-chT1 West 1213"]
[Site "Finland"]
[Date "2012.09.29"]
[Round "1.1"]
[White "Yrjola, Jouni"]
[Black "Kinnunen, Kari"]
[Result "1/2-1/2"]
[WhiteElo "2367"]
[BlackElo "2189"]
[PlyCount "41"]
[EventDate "2012.09.29"]
[EventType "team-tourn"]
[EventRounds "7"]
[EventCountry "FIN"]
[SourceTitle "EXT 2019"]
[Source "ChessBase"]
[SourceDate "2018.10.10"]
[SourceVersion "1"]
[SourceVersionDate "2018.10.10"]
[SourceQuality "1"]
[WhiteTeam "Helsinki KS 58"]
[BlackTeam "Vaasa VSS"]
[WhiteTeamCountry "FIN"]
[BlackTeamCountry "FIN"]

1. c4 Nf6 2. Nc3 g6 3. Nf3 Bg7 4. g3 0-0 5. Bg2 d6 6. d4 Nc6 7. 0-0 a6 8. d5 Na5 9. Nd2 c5 10. Qc2 Rb8 11. b3 b5 12. Rb1 Bd7 13. Bb2 e5 14. dxe6 fxe6 15. cxb5 axb5 16. Nce4 Bc6 17. Bxf6 Bxf6 18. Qd3 Be7 19. Bh3 Qd7 20. Qe3 Nb7 21. Nf3 1/2-1/2

[Event "FIN-chT1A 1112"]
[Site "Finland"]
[Date "2011.11.19"]
[Round "3.1"]
[White "Kinnunen, Kari"]
[Black "Iym, Tonu"]
[Result "1/2-1/2"]
[WhiteElo "2187"]
[BlackElo "2337"]
[PlyCount "32"]
[EventDate "2011.09.17"]
[EventType "team-tourn"]
[EventRounds "7"]
[EventCountry "FIN"]
[SourceTitle "EXT 2019"]
[Source "ChessBase"]
[SourceDate "2018.10.10"]
[SourceVersion "1"]
[SourceVersionDate "2018.10.10"]
[SourceQuality "1"]
[WhiteTeam "Vaasa VSS"]
[BlackTeam "Hyvinkaa SK"]
[WhiteTeamCountry "FIN"]
[BlackTeamCountry "FIN"]

1. d4 Nf6 2. c4 e6 3. Nf3 b6 4. g3 Bb7 5. Bg2 Bb4+ 6. Nbd2 c5 7. a3 Bxd2+ 8. Qxd2 0-0 9. 0-0 Qe7 10. b3 cxd4 11. Qxd4 Nc6 12. Qc3 d5 13. Bb2 Rac8 14. cxd5 Na5 15. Qe5 Bxd5 16. Nd4 Bxg2 1/2-1/2

[Event "FIN-chT1C 0910"]
[Site "Finland"]
[Date "2009.09.??"]
[Round "3.1"]
[White "Taivainen, Jukka"]
[Black "Kinnunen, Kari"]
[Result "1/2-1/2"]
[WhiteElo "2262"]
[BlackElo "2224"]
[PlyCount "82"]
[EventDate "2009.09.19"]
[EventType "team-tourn"]
[EventRounds "7"]
[EventCountry "FIN"]
[SourceTitle "EXT 2022"]
[Source "ChessBase"]
[SourceDate "2021.10.06"]
[SourceVersion "1"]
[SourceVersionDate "2021.10.06"]
[SourceQuality "1"]
[WhiteTeam "Tampere Tammer II"]
[BlackTeam "Vaasa VSS"]
[WhiteTeamCountry "FIN"]
[BlackTeamCountry "FIN"]

1. d4 d5 2. c4 c6 3. Nc3 Nf6 4. Nf3 e6 5. Bg5 Be7 6. e3 Nbd7 7. Bd3 h6 8. Bh4 0-0 9. 0-0 Re8 10. Qe2 dxc4 11. Bxc4 Nd5 12. Bg3 Nxc3 13. bxc3 Qa5 14. Qd3 Bf6 15. Bd6 Qh5 16. Qe4 Qf5 17. Qxf5 exf5 18. Rac1 b5 19. Bd3 Nb6 20. Nd2 a5 21. a3 Bd7 22. Rc2 g6 23. Rfc1 Re6 24. Bc7 Nd5 25. Bg3 Be7 26. Ra2 Ra7 27. c4 Nf6 28. Rb1 Rb7 29. cxb5 cxb5 30. Nb3 Nd5 31. Rc1 b4 32. Nxa5 Ra7 33. Nb3 bxa3 34. Bc4 Nb4 35. Raa1 Rb6 36. Nc5 Bb5 37. Bb3 Nd3 38. Rc3 Nxc5 39. dxc5 Rba6 40. Be5 Bc6 41. Bd4 Kf8 1/2-1/2

[Event "FIN-chT 0809"]
[Site "Finland"]
[Date "2008.09.07"]
[Round "2.8"]
[White "Kinnunen, Kari"]
[Black "Tuononen, Janne"]
[Result "1-0"]
[WhiteElo "2231"]
[BlackElo "1880"]
[PlyCount "88"]
[EventDate "2008.09.06"]
[EventType "team-tourn"]
[EventRounds "9"]
[EventCountry "FIN"]
[SourceTitle "EXT 2010"]
[Source "ChessBase"]
[SourceDate "2010.11.25"]
[SourceVersion "1"]
[SourceVersionDate "2010.11.25"]
[SourceQuality "1"]
[WhiteTeam "Vantaa EtVaS"]
[BlackTeam "Joensuu SK"]
[WhiteTeamCountry "FIN"]
[BlackTeamCountry "FIN"]

1. e4 c6 2. d4 d5 3. exd5 cxd5 4. Bd3 Nf6 5. Bf4 Bg4 6. Ne2 Nc6 7. c3 Bh5 8. Nd2 e6 9. Qb3 Qd7 10. h3 Be7 11. 0-0 0-0 12. Qc2 Rfc8 13. Qb1 Bg6 14. Ng3 b5 15. a3 a5 16. Nf3 Qb7 17. Re1 b4 18. axb4 axb4 19. Rxa8 Qxa8 20. Ne5 Qa5 21. Nxg6 hxg6 22. Ne2 Nd8 23. Qc1 Nb7 24. Qe3 Qb6 25. Ra1 bxc3 26. bxc3 Na5 27. Rb1 Qd8 28. Ba6 Ra8 29. Bd3 Bd6 30. Bg5 Qc7 31. Bxf6 gxf6 32. g3 Nc4 33. Bxc4 Qxc4 34. Nf4 Bxf4 35. gxf4 Ra3 36. Rc1 Ra2 37. Kg2 Re2 38. Qf3 Rd2 39. Rb1 Rd3 40. Qg4 Qxc3 41. Rb8+ Kg7 42. Qh4 g5 43. fxg5 Rxh3 44. gxf6+ Kg6 1-0

[Event "FIN-chT1C 0405"]
[Site "Finland"]
[Date "2004.10.09"]
[Round "3.1"]
[White "Kinnunen, Kari"]
[Black "Vinke, Dietmar"]
[Result "1/2-1/2"]
[WhiteElo "2222"]
[BlackElo "2195"]
[PlyCount "49"]
[EventDate "2004.09.18"]
[EventType "team-tourn"]
[EventRounds "7"]
[EventCountry "FIN"]
[SourceTitle "EXT 2022"]
[Source "ChessBase"]
[SourceDate "2021.10.06"]
[SourceVersion "1"]
[SourceVersionDate "2021.10.06"]
[SourceQuality "1"]
[WhiteTeam "Vaasa VSS"]
[BlackTeam "Oulu OSS"]
[WhiteTeamCountry "FIN"]
[BlackTeamCountry "FIN"]

1. d4 g6 2. c4 Bg7 3. Nc3 d6 4. e4 Nf6 5. f3 0-0 6. Be3 Nc6 7. Nge2 a6 8. Rb1 Bd7 9. b4 e5 10. d5 Ne7 11. Nc1 Ne8 12. Be2 f5 13. 0-0 f4 14. Bf2 h5 15. c5 g5 16. cxd6 cxd6 17. Na4 Nc8 18. b5 axb5 19. Bxb5 g4 20. Bxd7 Qxd7 21. Nb6 Nxb6 22. Rxb6 Rf7 23. Qb3 Bf8 24. Ne2 gxf3 25. Qxf3 1/2-1/2